000 00433nam a2200169Ia 4500
008 170705s9999 xx 000 0 und d
020 _a978043985377x
245 _aBoom chicka rock /
245 _cby John Archambaul ; illustrated by Suzanne Tanner Chitwood.
260 _aNew York :
260 _bScholastic,
260 _c2004
300 _aunpaged :
300 _bcolor illustration ;
300 _c28cm.
500 _a100
999 _c337295
_d337295